书目信息 |
| 题名: |
黑格尔《精神现象学》句读
|
|
| 作者: | 邓晓芒 著 | |
| 分册: | 第二卷 | |
| 出版信息: | 北京 人民出版社 2015 |
|
| 页数: | 693页 | |
| 开本: | 23cm | |
| 丛书名: | ||
| 单 册: | ||
| 中图分类: | B516.35 , B089 | |
| 科图分类: | ||
| 主题词: | ||
| 电子资源: | ||
| ISBN: | 978-7-01-014435-1 | |
| 000 | 01067nam0 2200253 450 | |
| 001 | 01185044 | |
| 005 | 20151101210412.0 | |
| 010 | @a978-7-01-014435-1@b@dCNY96.00 | |
| 100 | @a20151101d2015 em y0chiy50 ea | |
| 101 | 0 | @achi |
| 102 | @aCN@b110000 | |
| 105 | @ay z 001yy | |
| 106 | @ar | |
| 200 | 1 | @a黑格尔《精神现象学》句读@9hei ge er《jing shen xian xiang xue》ju dou@g@h第二卷@f邓晓芒著 |
| 210 | @a北京@c人民出版社@d2015 | |
| 215 | @a693页@c@d23cm | |
| 330 | @a本书内容包括《精神现象学》的“导论”部分,以及整个“意识”篇即感性确定性、知觉、力和知性三部分。“导论”主要阐明《精神现象学》的方法;“意识”篇阐述个人意识发展的最初阶段,分为感性确定性、知觉和知性三个小阶段,讲意识对它的外物的认识。从“自我意识”直到“理性”,个人意识的发展明显地重演人类意识的发展阶段,出现了一系列社会意识形态。 | |
| 600 | 0 | @a黑格尔@c(Hegel, Georg Wilhelm@f1770-1831)@x现象学@x研究 |
| 690 | @aB516.35@v5 | |
| 690 | @aB089@v5 | |
| 701 | 0 | @a邓晓芒@9deng xiao mang@f(1948-)@4著 |
| 801 | 0 | @aCN@b91MARC@c20151101@g |
| 905 | @aBZT@dB516.35@e3-2 | |
| 906 | @dCNY96.00@n5@r1 | |
| 黑格尔《精神现象学》句读.第二卷/邓晓芒著.-北京:人民出版社,2015 |
| 693页;23cm |
| ISBN 978-7-01-014435-1:CNY96.00 |
| 本书内容包括《精神现象学》的“导论”部分,以及整个“意识”篇即感性确定性、知觉、力和知性三部分。“导论”主要阐明《精神现象学》的方法;“意识”篇阐述个人意识发展的最初阶段,分为感性确定性、知觉和知性三个小阶段,讲意识对它的外物的认识。从“自我意识”直到“理性”,个人意识的发展明显地重演人类意识的发展阶段,出现了一系列社会意识形态。 |
| ● |
| 相关链接 |
|
|
|
正题名:黑格尔《精神现象学》句读
索取号:B516.35/3-2
 
预约/预借
| 序号 | 登录号 | 条形码 | 馆藏地/架位号 | 状态 | 备注 |
| 1 | 847833 | 2000847833 | 第二书库/ [索取号:B516.35/3-2] | 在馆 | |
| 2 | 847834 | 2000847834 | 第二书库/ [索取号:B516.35/3-2] | 在馆 | |
| 3 | 847835 | 2000847835 | 第二书库/ [索取号:B516.35/3-2] | 在馆 | |
| 4 | 847836 | 2000847836 | 第二书库/ [索取号:B516.35/3-2] | 在馆 | |
| 5 | 847837 | 2000847837 | 第二书库/ [索取号:B516.35/3-2] | 在馆 |